Golden Boot Winners - Sudden Death - Statistics

General Stats
  • This quiz has been taken 104 times
  • The average score is 4 of 13
Answers on the Grid
Answers color-coded by a green-red scale on the quiz's grid according to % correct below.
Mohammed Salah
Cristiano Ronaldo
Ciro Immobile
Luis Suarez
Ruud Van Nistelrooy
Gonzalo Higuaín
Thierry Henry
Diego Forlán
Robin van Persie
Romelu Lukaku
Lionel Messi
Francesco Totti
Pierre-Emerick Aubameyang
Gerd Müller
David Villa
Mario Jardel
Edinson Cavani
Kevin Phillips
Kylian Mbappé
Erling Haaland
Karim Benzema
Zlatan Ibrahimović
Henrik Larsson
Andriy Shevchenko
 
Answer Stats
Answer % Correct
Cristiano Ronaldo
89%
Lionel Messi
58%
Luis Suarez
53%
Ciro Immobile
45%
Thierry Henry
35%
Gerd Müller
25%
Erling Haaland
24%
Ruud Van Nistelrooy
16%
Diego Forlán
7%
Francesco Totti
5%
Henrik Larsson
4%
Mario Jardel
4%
Kevin Phillips
2%
No matching quizzes found
Score Distribution
Percent of People with Each Score
Percentile by Number Answered
Your Score History
You have not taken this quiz